| 000 | 00678nas a2200229 4500 | ||
|---|---|---|---|
| 001 | BR8303481 | ||
| 003 | BR-BrBNA | ||
| 005 | 20231205085559.0 | ||
| 007 | ta | ||
| 008 | 230509b bl.|||p| |||| 00| 00por d | ||
| 040 |
_aBR-BrBNA _bpor _cBiblioteca Nacional de Agricultura |
||
| 041 | _a(Pt) | ||
| 072 | _aS30 | ||
| 100 | 1 | _aAnon. | |
| 245 | 1 | _aEncontro tecnico-cientifico de alimentacao. 4 [proteina, dieta, valor biologico, Brasil] | |
| 650 | _aDIETA | ||
| 650 | _aPROTEINA | ||
| 650 | _aVALOR BIOLOGICO | ||
| 773 | 0 |
_tAlimentacao (Brazil) _xISSN 0100-9397 _g(Jun 1981), (no. 54) p. 26-32 _wBR8303481 |
|
| 909 |
_a202311 _bLúcia _c55 _dLúcia Elande |
||
| 942 |
_2AGRIS _n0 _cANA |
||
| 999 |
_c112357 _d112357 |
||